000 00635nam a22001817a 4500
003 OSt
005 20251118131213.0
008 251118b |||||||| |||| 00| 0 eng d
020 _a971-8816-28-3
040 _aDWC-Main lib
_cOC
082 _aFil. 268 C28 1997
245 _aCatechism for Filipino Catholics
260 _aManila :
_bECCE Word & Publication,
_c c1997.
300 _axx, 705 pages ;
_c24 cm.
504 _aIncludes bibliographical references and index
700 _aCATHOLIC BISHOP'S CONFERENCE OF THE PHILIPPINES
942 _2ddc
_cBK - FIL
_eNew edition
_hFil. 268 C28 1997
_kFil.
_n0
999 _c5795
_d5795